Giáo trình cấu trúc máy tính và hợp ngữ /

Kiến trúc máy tính, hợp ngữ. Trạng thái CPU và thanh ghi cờ. Lệnh nhảy và lặp, lệnh luận lý - dịch & quay. Ngăn xếp và thủ tục. Lệnh nhân và chia. Chế độ định vị. Lệnh xử lý chuỗi. Biểu diễn dữ liệu trong máy tính.

Đã lưu trong:
书目详细资料
主要作者: Nguyễn Minh Tuấn.
格式: 图书
语言:Vietnamese
出版: Tp.HCM : Nxb Trẻ, 1998.
主题:
标签: 添加标签
没有标签, 成为第一个标记此记录!
Thư viện lưu trữ: Mạng thư viện Đại học Đà Nẵng
LEADER 01225cam a2200373 i 4500
001 000043108
003 983
005 20031003144541.0
008 010217b1998 vm 000 vie
020 |c 18000 
040 |a IRC  |c IRC  |d IRC 
041 0 |a vie 
082 1 4 |a 005.13  |b NG-T 
100 1 |a Nguyễn Minh Tuấn. 
245 0 0 |a Giáo trình cấu trúc máy tính và hợp ngữ /  |c Nguyễn Minh Tuấn. 
260 |a Tp.HCM :  |b Nxb Trẻ,  |c 1998. 
300 |a 131tr. ;  |c 24cm. 
520 3 |a Kiến trúc máy tính, hợp ngữ. Trạng thái CPU và thanh ghi cờ. Lệnh nhảy và lặp, lệnh luận lý - dịch & quay. Ngăn xếp và thủ tục. Lệnh nhân và chia. Chế độ định vị. Lệnh xử lý chuỗi. Biểu diễn dữ liệu trong máy tính. 
630 0 4 |a Tin học. 
630 0 4 |a Lập trình. 
630 0 4 |a Computer. 
630 0 4 |a Cấu trúc máy tính. 
650 0 4 |a Máy tính. 
650 0 4 |a Hợp ngữ (Lập trình máy tính) 
OWN |a DUT 
999 |a From the UDN01 
TYP |a Monograph 
TYP |a Printed language 
980 |a Mạng thư viện Đại học Đà Nẵng